[Event "DOM-ch"]
[Site "Santo Domingo"]
[Date "2021.05.14"]
[Round "5"]
[White "Guerrero Taveras, Humberto"]
[Black "Jimenez Matos, Jimmy"]
[Result "1-0"]
[WhiteElo "2059"]
[BlackElo "1830"]
[PlyCount "101"]
[EventDate "2021.05.07"]
[EventType "swiss"]
[EventRounds "11"]
[EventCountry "DOM"]
[SourceTitle "CBM 203 Extra"]
[Source "ChessBase"]
[SourceDate "2021.09.30"]
[SourceVersion "1"]
[SourceVersionDate "2021.09.30"]
[SourceQuality "1"]

1. e4 c6 2. d4 d5 3. Nd2 dxe4 4. Nxe4 Bf5 5. Ng3 Bg6 6. Nf3 Nf6 7. Bd3 e6 8. Bg5 Be7 9. c3 Nbd7 10. 0-0 Qb6 11. Qd2 Bxd3 12. Qxd3 Rd8 13. Qe2 0-0 14. Nh5 Rfe8 15. Nxf6+ Bxf6 16. Bxf6 Nxf6 17. Qc2 h6 18. Rad1 Rd5 19. Ne5 Red8 20. Rfe1 Qc7 21. Qe2 c5 22. Nf3 cxd4 23. Nxd4 Qd7 24. Rc1 a6 25. h3 Qc7 26. Rcd1 Qa5 27. a3 Qb6 28. b4 Qd6 29. Rc1 b5 30. Nf3 Rc8 31. c4 bxc4 32. Rxc4 Rxc4 33. Qxc4 e5 34. Nh2 h5 35. Nf1 e4 36. Ne3 Rd2 37. Rc1 Rd3 38. Rc3 Rd2 39. Qc8+ Kh7 40. Rc6 Qf4 41. Qf5+ Qxf5 42. Nxf5 a5 43. b5 Rd5 44. Nd6 Rd3 45. b6 Nd7 46. b7 Nb8 47. Rb6 Rxa3 48. Nxe4 Ra1+ 49. Kh2 h4 50. Rd6 Rb1 51. Ng5+ 1-0

[Event "DOM-ch U20"]
[Site "Santo Domingo"]
[Date "2018.11.04"]
[Round "5"]
[White "Jimenez Matos, Jimmy"]
[Black "Mendez Ramirez, Victor"]
[Result "0-1"]
[WhiteElo "1884"]
[BlackElo "1944"]
[PlyCount "87"]
[EventDate "2018.11.02"]
[EventType "swiss"]
[EventRounds "8"]
[EventCountry "DOM"]
[SourceTitle "EXT 2021"]
[Source "ChessBase"]
[SourceDate "2020.10.23"]
[SourceVersion "1"]
[SourceVersionDate "2020.10.23"]
[SourceQuality "1"]

1. d4 d5 2. c4 c6 3. Nc3 Nf6 4. Nf3 a6 5. cxd5 cxd5 6. Bf4 Nc6 7. e3 Bg4 8. Be2 e6 9. 0-0 Be7 10. Rc1 Nh5 11. Bg3 Nxg3 12. hxg3 Bd6 13. e4 dxe4 14. Nxe4 0-0 15. Nc5 Qe7 16. Nb3 Rfd8 17. Qc2 Nb4 18. Qe4 Bf5 19. Qh4 Qxh4 20. Nxh4 Nxa2 21. Ra1 Nb4 22. Nxf5 exf5 23. Bf3 Rab8 24. Rfd1 b6 25. Rac1 g6 26. Nd2 Nd3 27. Rc2 Nb4 28. Rcc1 Be7 29. Nc4 Bf6 30. d5 Kf8 31. b3 Rd7 32. Ne3 Rbd8 33. Rc4 a5 34. Kf1 Ke7 35. Ke2 Bg5 36. Nc2 Nxd5 37. Nd4 Nc3+ 38. Rxc3 Rxd4 39. Rb1 Rd2+ 40. Kf1 R8d4 41. Rc6 Rd6 42. Rc7+ Kf6 43. Be2 Rd7 44. Rc8 0-1

[Event "DOM-ch U20"]
[Site "Santo Domingo"]
[Date "2018.11.02"]
[Round "2"]
[White "Geraldo Sanchez, Rony F"]
[Black "Jimenez Matos, Jimmy"]
[Result "0-1"]
[WhiteElo "1596"]
[BlackElo "1884"]
[PlyCount "50"]
[EventDate "2018.11.02"]
[EventType "swiss"]
[EventRounds "8"]
[EventCountry "DOM"]
[SourceTitle "EXT 2021"]
[Source "ChessBase"]
[SourceDate "2020.10.23"]
[SourceVersion "1"]
[SourceVersionDate "2020.10.23"]
[SourceQuality "1"]

1. d4 Nf6 2. c4 e6 3. Nc3 d5 4. e3 Be7 5. Bd3 0-0 6. Nge2 c5 7. Qc2 Nc6 8. a3 cxd4 9. Nb5 dxe3 10. Bxe3 a6 11. Nbd4 Ne5 12. Rd1 Nxd3+ 13. Rxd3 Qc7 14. cxd5 Qxc2 15. Nxc2 Nxd5 16. 0-0 Bd7 17. Rfd1 Ba4 18. R1d2 Rac8 19. Ne1 Bf6 20. Bd4 Bg5 21. Rg3 f6 22. f4 Nxf4 23. Be3 Nxe2+ 24. Rxe2 Bb5 25. Rf2 Bh4 0-1

[Event "Santo Domingo Duarte Memorial 6th"]
[Site "Santo Domingo"]
[Date "2017.01.29"]
[Round "4"]
[White "Arvelo Leo, Gian Carlo"]
[Black "Jimenez Matos, Jimmy"]
[Result "1-0"]
[WhiteElo "2172"]
[BlackElo "1914"]
[PlyCount "61"]
[EventDate "2017.01.27"]
[EventType "swiss"]
[EventRounds "8"]
[EventCountry "DOM"]
[SourceTitle "CBM 176 Extra"]
[Source "ChessBase"]
[SourceDate "2017.03.02"]
[SourceVersion "1"]
[SourceVersionDate "2017.03.02"]
[SourceQuality "1"]

1. c4 Nf6 2. g3 c6 3. Nf3 d5 4. b3 Bf5 5. Bg2 Nbd7 6. Bb2 Qb6 7. Qc1 e6 8. 0-0 Be7 9. d3 0-0 10. Nbd2 Rac8 11. h3 Qc7 12. Nh4 Bg6 13. Nxg6 hxg6 14. Qc2 Rfd8 15. Rac1 Qa5 16. a3 Qb6 17. Rfe1 Nh5 18. e3 f5 19. Nf3 Re8 20. Re2 Bf8 21. Kh2 e5 22. Ng5 e4 23. dxe4 dxe4 24. Rd2 Ne5 25. c5 Qc7 26. Bxe5 Rxe5 27. Qc4+ Rd5 28. Rxd5 cxd5 29. Qxd5+ Kh8 30. b4 Rd8 31. Nf7+ 1-0

[Event "Santo Domingo Regional-ch"]
[Site "Santo Domingo"]
[Date "2016.03.11"]
[Round "1"]
[White "Jimenez Matos, Jimmy"]
[Black "Marte Felix, Carlos Julio"]
[Result "1-0"]
[WhiteElo "1960"]
[BlackElo "1721"]
[PlyCount "59"]
[EventDate "2016.03.11"]
[EventType "swiss"]
[EventRounds "7"]
[EventCountry "DOM"]
[SourceTitle "EXT 2017"]
[Source "ChessBase"]
[SourceDate "2016.10.25"]
[SourceVersion "1"]
[SourceVersionDate "2016.10.25"]
[SourceQuality "1"]

1. d4 g6 2. c4 Bg7 3. Nf3 d6 4. Nc3 Nf6 5. e3 Bg4 6. Be2 0-0 7. 0-0 Nbd7 8. b3 c6 9. Bb2 Rb8 10. h3 Bxf3 11. Bxf3 Qa5 12. Qc2 Rfe8 13. Rad1 Bh6 14. d5 cxd5 15. Nxd5 Nxd5 16. Rxd5 Qc7 17. Rc1 Nb6 18. Rdd1 Bg7 19. Bxg7 Kxg7 20. c5 Rbc8 21. Qb2+ f6 22. cxb6 Qxb6 23. Rxc8 Rxc8 24. Rc1 Rd8 25. Qc3 Qa6 26. Qc7 Re8 27. Bxb7 Qa3 28. Rc2 Kf8 29. Bc6 Qa5 30. Qxa5 1-0

[Event "Santo Domingo La Raza op"]
[Site "Santo Domingo"]
[Date "2015.10.21"]
[Round "8"]
[White "Jimenez Matos, Jimmy"]
[Black "Zorrilla Jimenez, Wilber Edwin"]
[Result "0-1"]
[WhiteElo "1943"]
[BlackElo "2034"]
[PlyCount "80"]
[EventDate "2015.10.12"]
[EventType "swiss"]
[EventRounds "8"]
[EventCountry "DOM"]
[SourceTitle "CBM 169 Extra"]
[Source "ChessBase"]
[SourceDate "2015.12.18"]
[SourceVersion "1"]
[SourceVersionDate "2015.12.18"]
[SourceQuality "1"]

1. d4 d5 2. c4 e5 3. dxe5 d4 4. Nf3 Nc6 5. e3 Bb4+ 6. Bd2 dxe3 7. fxe3 Bg4 8. Be2 Bxf3 9. Bxf3 Qh4+ 10. g3 Qxc4 11. Bxb4 Qxb4+ 12. Qd2 Qxd2+ 13. Nxd2 Nxe5 14. Bg2 Nf6 15. 0-0-0 c6 16. Ne4 Nxe4 17. Bxe4 0-0 18. Bc2 Rad8 19. Rxd8 Rxd8 20. Rd1 Rxd1+ 21. Bxd1 Kf8 22. Kc2 Ke7 23. Kc3 Kd6 24. h3 f5 25. b4 b6 26. Bc2 g6 27. Bd1 Kd5 28. Bc2 Nd7 29. Kd3 c5 30. Bb3+ Ke5 31. a3 cxb4 32. axb4 Nf6 33. Ke2 a5 34. bxa5 bxa5 35. Kf3 h6 36. Bf7 g5 37. g4 fxg4+ 38. hxg4 a4 39. Ba2 Ne4 40. Bc4 a3 0-1

[Event "Santo Domingo La Raza op"]
[Site "Santo Domingo"]
[Date "2015.10.14"]
[Round "4"]
[White "Jimenez Matos, Jimmy"]
[Black "Del Rosario Moreno, Carlos"]
[Result "0-1"]
[WhiteElo "1943"]
[BlackElo "2090"]
[PlyCount "144"]
[EventDate "2015.10.12"]
[EventType "swiss"]
[EventRounds "8"]
[EventCountry "DOM"]
[SourceTitle "CBM 169 Extra"]
[Source "ChessBase"]
[SourceDate "2015.12.18"]
[SourceVersion "1"]
[SourceVersionDate "2015.12.18"]
[SourceQuality "1"]

1. d4 Nf6 2. c4 e6 3. g3 d5 4. Bg2 Be7 5. Nf3 0-0 6. 0-0 c6 7. Nc3 Nbd7 8. e3 b6 9. cxd5 cxd5 10. Bd2 Bb7 11. Rc1 Ne8 12. Re1 Nd6 13. b3 b5 14. Ne5 Nb6 15. Bf1 Qe8 16. Nd3 Bc6 17. Ne5 Bb7 18. Nd3 Bc6 19. Ne5 Bb7 20. Nd3 Rc8 21. Nc5 Bc6 22. Nb1 Nb7 23. Nxb7 Bxb7 24. Rxc8 Nxc8 25. Qc2 Qd7 26. Rc1 Bd6 27. Qd3 a6 28. Qc2 Ne7 29. Bd3 g6 30. Qb2 Rc8 31. Rxc8+ Nxc8 32. Qc2 Na7 33. Bc1 Nc6 34. Ba3 Bxa3 35. Nxa3 e5 36. dxe5 Nxe5 37. Qe2 d4 38. e4 Nxd3 39. Qxd3 Qe7 40. Nc2 Bxe4 41. Qd2 Bxc2 42. Qxc2 Qe1+ 43. Kg2 Qc3 44. Qe2 d3 45. Qe3 Qc6+ 46. Qf3 Qc2 47. Qa8+ Kg7 48. Qe4 Qe2 49. Qd4+ Kg8 50. Qd8+ Kg7 51. Qd4+ Kg8 52. Qd8+ Kg7 53. Qd4+ Kh6 54. Qf4+ Kg7 55. Qd4+ f6 56. Qd7+ Kh6 57. Qh3+ Qh5 58. Qxh5+ Kxh5 59. Kf3 d2 60. Ke2 Kg4 61. Kxd2 Kf3 62. Ke1 Kg2 63. h4 Kf3 64. b4 f5 65. Kf1 f4 66. gxf4 Kxf4 67. Ke2 Kg4 68. Ke3 Kxh4 69. Kf3 Kg5 70. a3 Kf5 71. Ke3 h5 72. Kf3 g5 0-1